Detalles MARC
| 000 -LEADER |
| fixed length control field |
01656nam a2200373 a 4500 |
| 005 - FECHA ULTIMA MODIFICACION |
| control field |
20240412113743.0 |
| 008 - CAMPO DE CONTROL (LIBRO) |
| fixed length control field |
101001t1989||||ag a f |||| 001 0 spa d |
| 020 ## - INTERNATIONAL STANDARD BOOK NUMBER |
| ISBN |
9509020192 |
| 041 ## - CODIGO DE IDIOMA |
| Código de idioma del texto/pista de sonido o título separado |
spa |
| 092 ## - SIGNATURA TOPOGRAFICA DEWEY LOCAL |
| número de clasificación |
616.1 |
| libristica |
10 |
| sección |
CAB |
| 100 1# - ENTRADA PRINCIPAL--NOMBRE PERSONAL |
| Nombre personal |
Cabrera Fischer, Edmundo I. |
| 9 (RLIN) |
3003 |
| 245 ## - TITULO PROPIAMENTE DICHO |
| Título |
Insuficiencia cardiaca severa. |
| Subtítulo y Título paralelo |
Interpretación y tratamiento. Fundación Favaloro / |
| Mención de responsabilidad y remanente de la transcripción de la portada |
Edmundo I. Cabrera Fischer. |
| 250 ## - MENCION DE EDICION |
| Mención de edición |
1a ed. |
| 260 ## - PIE DE IMPRENTA |
| Lugar de publicación, distribución, etc |
Buenos Aires: |
| Nombre de la editorial, distribuidor, etc |
Akadia; |
| Fecha de publicación |
1989. |
| 300 ## - DESCRIPCION FISICA |
| Extension |
240 p. |
| Otros detalles físicos |
il. |
| 500 ## - NOTA GENERAL |
| Nota general |
Cabrera Fischer, E. I. et al. (1989). Insuficiencia cardíaca severa. Interpretación y tratamiento. Fundación Favaloro. (1a ed.). Buenos Aires : Akadia. |
| 653 ## - TÉRMINO INDIZADO - PALABRAS CLAVES |
| Palabra clave |
Bases fisiológicas de la insuficiencia cardíaca |
| 653 ## - TÉRMINO INDIZADO - PALABRAS CLAVES |
| Palabra clave |
Nuevas drogas inotrópicas |
| 653 ## - TÉRMINO INDIZADO - PALABRAS CLAVES |
| Palabra clave |
Circulación extracorpórea |
| 653 ## - TÉRMINO INDIZADO - PALABRAS CLAVES |
| Palabra clave |
Balón de contrapulsión intraaórtica |
| 653 ## - TÉRMINO INDIZADO - PALABRAS CLAVES |
| Palabra clave |
Sistemas de asistencia mecánica circulatoria 1: bomba a rodillo y centrífuga |
| 653 ## - TÉRMINO INDIZADO - PALABRAS CLAVES |
| Palabra clave |
Sistemas de asistencia mecánica circulatoria 2: ventrículos artificiales |
| 653 ## - TÉRMINO INDIZADO - PALABRAS CLAVES |
| Palabra clave |
Sistema COMDU para la mediación del volumen minuto del corazón artificial |
| 653 ## - TÉRMINO INDIZADO - PALABRAS CLAVES |
| Palabra clave |
Asistencia mecánica ventricular izquierda |
| 653 ## - TÉRMINO INDIZADO - PALABRAS CLAVES |
| Palabra clave |
Tromboembolismo pulmonar |
| 653 ## - TÉRMINO INDIZADO - PALABRAS CLAVES |
| Palabra clave |
Asistencia mecánica ventricular derecha |
| 653 ## - TÉRMINO INDIZADO - PALABRAS CLAVES |
| Palabra clave |
Cardiomioplastia |
| 653 ## - TÉRMINO INDIZADO - PALABRAS CLAVES |
| Palabra clave |
Experiencia local en cardiomioplastia para el tratamiento de la insuficiencia cardíaca |
| 653 ## - TÉRMINO INDIZADO - PALABRAS CLAVES |
| Palabra clave |
Transplante cardíaco |
| 700 1# - ENTRADAS SECUNDARIAS - NOMBRE PERSONAL |
| Nombre personal |
Chachques, Juan Carlos |
| Función |
Autor |
| 9 (RLIN) |
3004 |
| 700 1# - ENTRADAS SECUNDARIAS - NOMBRE PERSONAL |
| Nombre personal |
Pichel, Ricardo Horacio |
| Función |
Autor |
| 9 (RLIN) |
3005 |
| 700 1# - ENTRADAS SECUNDARIAS - NOMBRE PERSONAL |
| Nombre personal |
Favaloro, Rene G. |
| Función |
Col. |
| 9 (RLIN) |
2612 |
| 942 ## - ADDED ENTRY ELEMENTS (KOHA) |
| Source of classification or shelving scheme |
Dewey Decimal Classification |
| Item type |
Libros |